1168 1487 1171 1983 1817 1285 1598 1822 1988 1074 1327 1540 1544 1487 1354 1295 1962 1205 1732 1265 1055 1866 1744 1755 1346 1630 1544 1590 1977 1267 1101 1854 1344 1196 1245 1624 1012 1955 1176 1488 1539 1196 1287 1170 1864 1595 2000 1028 1507 1418 1687 1054 1531 1456 1718 1229 1060 1339 1212 1613 1946 1040 1657 1288 1294 1918 1748 1679 1980 1986 1078 1954 1641 1487 1802 1929 1307 1693 1038 1128 1687 1313 1017 1714 1127 1694 1916 1344 1941 1409 1931 1490 1308 1202 1163 1679 1377 1285 1985 BCNSPRNW ULIB Ver.6.0+V

เปลี่ยนเป็นภาษาไทย

Change to English
 แสดงรายละเอียดบรรณานุกรม
  กลับหน้าหลัก

Brief Record : Get Marc (ISO 2709) : E-mail record : QR code < ปิดหน้าต่าง
LEADER : 00000nam 2200000uu 4500
001    13399108281
003     ULIB
008    110225s2545||||th 000 0 tha d
020    9743406549
060 04 WS200^bว896 2545
245 00 เวชปฏิบัติทางกุมารเวชศาสตร์ /^cนวลอนงค์ วิศิษฏสุนทร ...[และคนอื่นๆ]
250    พิมพ์ครั้งที่ 1
260    กรุงเทพฯ :^bชวนพิมพ์,^c2545
300    410 หน้า :^bภาพประกอบ ;^c26 ซม.
650  7 กุมารเวชศาสตร์
653    ผลงานอาจารย์คณะแพทยศาสตร์ศิริราชพยาบาล
700 0  นวลอนงค์ วิศิษฏสุนทร
945    ^p350^l0^i015358
945    ^p350^l0^i015359
945    ^p350^l0^i015357
945    ^p350^l0^i025553
945    ^p350^l0^i025554
995    ทศพร
999 ^a ใช้งานได้ทุกระบบ
รายการนี้ยังไม่มีแท็ก
คุณยังไม่ได้ล็อกอิน คุณสามารถมีกิจกรรมร่วมกับเว็บไซต์ได้ แต่ต้องล็อกอินก่อน ::
  ล็อกอิน

รายการสื่อสารสนเทศ

ลำดับที่ ประเภท เลขเรียก/บาร์โค้ด สถานที่ สถานะ
- ไม่พบข้อมูล -

รายการใกล้เคียง
    หัวเรื่อง [กุมารเวชศาสตร์]

BibComment


ยังไม่เคยถูกคอมเมนท์

คอมเมนท์ทรัพยากรรายการนี้
  คอมเมนท์: เวชปฏิบัติทางกุมา..


 Copyright 2026. Bcnsprnw @Library